000 00904pam a2200289 a 4500
999 _c1860
_d1860
001 2350851
003 OSt
005 20210701063723.0
008 830728s1984 nyuaf b 001 0 eng
010 _a 83016761
020 _a038790896X
040 _aDLC
_cDLC
_dDLC
050 1 0 _aRC815.7
_b.E57 1984
060 _aWI 250 E61p
082 0 0 _a616.3/2
_219
100 1 _aEnterline, Horatio.
245 1 0 _aPathology of the esophagus /
_cHoratio Enterline, John Thompson.
260 _aNew York :
_bSpringer-Verlag,
_cc1984.
300 _aviii, 192 p., [4] p. of plates :
_bill. (some col.) ;
_c28 cm.
504 _aIncludes bibliographical references and index.
650 0 _aEsophagus
_xDiseases.
650 2 _aEsophagus
_xPathology.
650 2 _aEsophageal diseases
_xPathology.
700 1 _aThompson, John,
_d1947-
906 _a7
_bcbc
_corignew
_d1
_eocip
_f19
_gy-gencatlg
942 _2lcc
_cBK
_nJE